000 01159nam a2200253 a 4500
001 001057831
003 AM-YeHGA
005 20250617151101.0
008 150205s2014 ai r 000 0 arm d
020 _a9789939100401
040 _aAM-YeHGA
041 0 _aarm
041 1 _aeng
245 0 0 _aՀայկական տարազ XVIII-XIX դարեր :
_bԱլբոմ-կատալոգ։ Հայաստանի պատմության թանգարանի հավաքածուից /
_cԽմբ.՝ Ա. Գրիգորյան, Ի. Մկրտչյան ; Հայաստանի պատմության թանգարան.
246 1 5 _aArmenian costume, 18th -19th centuries :
_bAlbum-catalogue from collections of the history museum of Armenia
260 _aԵրևան :
_bՀայաստանի պատմության թանգարան,
_c2014.
300 _a162 էջ.
650 1 4 _aՀայկական տարազ
650 1 4 _aՀայ ազգագրություն
_xՀայկական տարազ
700 1 _aԳրիգորյան, Անելկա
_eխմբ.
_4edt
700 1 _aՄկրտչյան, Իվետա
_eխմբ.
_4edt
710 2 _aՀայաստանի պատմության թանգարան
090 _c346034
999 _c344236
_d344236